| 000 | 00558nam a2200253Ia 4500 | ||
|---|---|---|---|
| 001 | 116488 | ||
| 003 | YMCAF | ||
| 005 | 20230512163039.0 | ||
| 008 | 141114s1988 ||||||||||||||||| ||und|d | ||
| 020 | _a9781447264538 | ||
| 024 | _a116488 | ||
| 035 | _a42432 | ||
| 040 |
_aYMCAF _beng _cIN-KoLT |
||
| 041 | _aeng | ||
| 082 |
_a823 _bMIT |
||
| 100 | _aMitchell, Margaret | ||
| 245 | 0 | _aGone with the wind | |
| 260 |
_aLondon _bMacmillan _c1988 |
||
| 300 | _a983p. | ||
| 653 | _aenglish | ||
| 653 | _aFiction | ||
| 653 | _aGeneral | ||
| 942 |
_2ddc _cBK |
||
| 999 |
_c13470 _d13470 |
||